• 首页
  • 本馆介绍
  • 公告通知
  • 最新文献
  • 馆藏检索
  • 电子资源
  • 读者导购
  • 参考咨询
  • 我的图书馆
  • 登录
  • 详细信息显示
  • 放入我的书架
  • 预约/预借图书
  • 作者相关作品
  • 分类相关作品
  • 丛书相关作品
  • 出版社相关作品

书目信息

  • 表格格式
  • 工作单格式
  • 卡片格式
题名:
学习的快乐
    
 
作者: 佐藤学 著 ;钟启泉 译
分册:  
出版信息: 北京   教育科学出版社  2006
页数: 400页
开本: 24cm
丛书名: 世界课程与教学新理论文库
单 册:
中图分类: G420
科图分类:
主题词: 教学研究
电子资源:
ISBN: 7-5041-3095-8
000 01310nam0 2200301 450
000 01316nam0 2200301 450
000 01249nam0 2200277 450
000 01213oam2 2200265 45
005 20070727095640.10
010    @a7-5041-3095-8@dCNY42.00
100    @a20070708d2006 em y0chiy0120 ea
101 1  @achi@cjpn
102    @aCN@b110000
105    @aa z 000yy
200 1  @a学习的快乐@AXue Xi De Kuai Le@e走向对话@EZou Xiang Dui Hua@f(日)佐藤学著@F( Ri ) Zuo Teng Xue Zhu@g钟启泉译
210    @a北京@c教育科学出版社@d2006
215    @a400页@c照片@d24cm
225 2  @a世界课程与教学新理论文库
300    @a“十五”国家重点图书出版规划项目国家教育部普通高等学校人文社会科学重点研究基地华东师范大学课程与教学研究所研究项目
330    @a本书重点论述了“学习”作为一种对话性实践,引导读者从独白的世界走向对话的世界,并借助这种对话性的、合作性的实践,为人们提供了构筑起“学习共同体”的可能性,而基于“学习共同体”构想的学校改革作为一种“静悄悄的革命”,将会形成21世纪教育改革的一大潮流。
410  0 @12001 @a世界课程与教学新理论文库
510 1  @aPleasure of Learning : Toward Dialogic Practice@zeng
606 0  @a教学研究
690    @aG420@v4
701  0 @c(日)@a佐藤学@AZuo Teng Xue@4著
702  0 @a钟启泉@AZhong Qi Quan@c(教授)@4译
801  0 @aCN@bTAOJIN@c20070727
905    @a10447@dG420@e180
    
    学习的快乐:走向对话/(日)佐藤学著/钟启泉译.-北京:教育科学出版社,2006
    400页:照片;24cm.-(世界课程与教学新理论文库)
    “十五”国家重点图书出版规划项目国家教育部普通高等学校人文社会科学重点研究基地华东师范大学课程与教学研究所研究项目
    
    ISBN 7-5041-3095-8:CNY42.00
    本书重点论述了“学习”作为一种对话性实践,引导读者从独白的世界走向对话的世界,并借助这种对话性的、合作性的实践,为人们提供了构筑起“学习共同体”的可能性,而基于“学习共同体”构想的学校改革作为一种“静悄悄的革命”,将会形成21世纪教育改革的一大潮流。
●
相关链接 在E读中查询图书 在五车中查询图书 在当当中查询图书 在豆瓣中查询图书


正题名:学习的快乐     索取号:G420/180         预约/预借

序号 登录号 条形码 馆藏地/架位号 状态 备注
1 0820505   208205057   第一样本阅览室/ [索取号:G420/180] 在馆    
2 0820506   208205066   第四借阅区/ [索取号:G420/180] 在馆    
3 0820507   208205075   第四借阅区/ [索取号:G420/180] 在馆    
4 0820508   208205084   第四借阅区/ [索取号:G420/180] 在馆    
5 0820509   208205093   第四借阅区/ [索取号:G420/180] 在馆    
唐山师范学院图书馆 欢迎您!
大连网信软件有限公司© 版权所有